• 首页
  • 本馆介绍
  • 公告通知
  • 最新文献
  • 馆藏检索
  • 电子资源
  • 读者导购
  • 参考咨询
  • 我的图书馆
  • 登录
  • 详细信息显示
  • 放入我的书架
  • 预约/预借图书
  • 作者相关作品
  • 分类相关作品
  • 丛书相关作品
  • 出版社相关作品

书目信息

  • 表格格式
  • 工作单格式
  • 卡片格式
题名:
研究生思想政治教育与创新能力培养
    
 
作者: 魏志敏 , 高艳 主编
分册:  
出版信息: 北京   中国文史出版社  2014
页数: 229页
开本: 24cm
丛书名:
单 册:
中图分类: G643.1
科图分类:
主题词: 研究生教育--思想政治教育--研究--中国
电子资源:
ISBN: 978-7-5034-4811-9
000 01005nam0 2200253 450
001 337888
005 20150529085123.04
010    @a978-7-5034-4811-9@dCNY46.00
100    @a20140612d2014 em y0chiy50 ea
101 0  @achi
102    @aCN@b110000
105    @ay z 000yy
106    @ar
200 1  @a研究生思想政治教育与创新能力培养@Ayan jiu sheng si xiang zheng zhi jiao yu yu chuang xin neng li pei yang@f魏志敏, 高艳主编
210    @a北京@c中国文史出版社@d2014
215    @a229页@d24cm
300    @a思想政治教育研究文库/教育部思想政治工作司组编
330    @a本书分析了创新能力培养视域下的研究生思想政治教育的理论内涵, 并以在京部分高校的在读研究生、研究生导师及用人单位作为调查对象进行定量研究, 探讨了思想政治教育作用于研究生创新能力培养的主要途径。
606 0  @a研究生教育@x思想政治教育@x研究@y中国
690    @aG643.1@v5
701  0 @a魏志敏@Awei zhi min@c(高校保卫)@4主编
701  0 @a高艳@Agao yan@c(女, @f1964.11)@4主编
801  0 @aCN@b卓展宏图@c20150525
905    @dG643.1@e625@f4
    
    研究生思想政治教育与创新能力培养/魏志敏, 高艳主编.-北京:中国文史出版社,2014
    229页;24cm
    思想政治教育研究文库/教育部思想政治工作司组编
    
    ISBN 978-7-5034-4811-9:CNY46.00
    本书分析了创新能力培养视域下的研究生思想政治教育的理论内涵, 并以在京部分高校的在读研究生、研究生导师及用人单位作为调查对象进行定量研究, 探讨了思想政治教育作用于研究生创新能力培养的主要途径。
●
相关链接 在E读中查询图书 在五车中查询图书 在当当中查询图书 在豆瓣中查询图书


正题名:研究生思想政治教育与创新能力培养     索取号:G643.1/625         预约/预借

序号 登录号 条形码 馆藏地/架位号 状态 备注
1 856572   208565729   第一样本阅览室/ [索取号:G643.1/625] 在馆    
2 856573   208565738   教育系资料室/ [索取号:G643.1/625] 在馆    
3 856574   208565747   教育系资料室/ [索取号:G643.1/625] 在馆    
4 856575   208565756   第四借阅区/ [索取号:G643.1/625] 在馆    
唐山师范学院图书馆 欢迎您!
大连网信软件有限公司© 版权所有